[Event "Online Olym Div3 C"]
[Site "Chess.com INT"]
[Date "2021.08.28"]
[Round "6.5"]
[White "Alqwasma, Mohamed"]
[Black "Pokotaiev, Vladyslav"]
[Result "1/2-1/2"]
[WhiteElo "1731"]
[BlackElo "1839"]
[PlyCount "35"]
[EventDate "2021.08.27"]
[EventType "team-tourn (rapid)"]
[EventRounds "9"]
[EventCountry "USA"]
[SourceTitle "CBM 204 Extra"]
[Source "ChessBase"]
[SourceDate "2021.11.30"]
[SourceVersion "1"]
[SourceVersionDate "2021.11.30"]
[SourceQuality "1"]
[WhiteTeam "Palestine"]
[BlackTeam "ICCD"]
[WhiteTeamCountry "PLE"]

1. Nf3 d5 2. g3 c6 3. Bg2 Bg4 4. 0-0 Nd7 5. h3 Bxf3 6. Bxf3 e5 7. d3 Ngf6 8. Nd2 Bd6 9. e4 0-0 10. Bg2 Re8 11. Qe2 a5 12. c3 Qc7 13. Re1 a4 14. a3 Nc5 15. Rb1 Rad8 16. g4 dxe4 17. Nxe4 Nfxe4 18. dxe4 1/2-1/2

[Event "Online Olym Div4 B"]
[Site "Chess.com INT"]
[Date "2021.08.20"]
[Round "3.4"]
[White "Khoa, Goodwill"]
[Black "Alqwasma, Mohamed"]
[Result "1/2-1/2"]
[WhiteElo "1846"]
[BlackElo "1731"]
[PlyCount "128"]
[EventDate "2021.08.20"]
[EventType "team (rapid)"]
[EventRounds "11"]
[EventCountry "USA"]
[SourceTitle "CBM 203 Extra"]
[Source "ChessBase"]
[SourceDate "2021.09.30"]
[SourceVersion "1"]
[SourceVersionDate "2021.09.30"]
[SourceQuality "1"]
[WhiteTeam "Namibia"]
[BlackTeam "Palestine"]
[WhiteTeamCountry "NAM"]
[BlackTeamCountry "PLE"]

1. Nf3 Nf6 2. g3 g6 3. Bg2 Bg7 4. 0-0 0-0 5. c4 d6 6. d4 Nbd7 7. Nc3 c6 8. b3 e5 9. Bg5 h6 10. Be3 Ng4 11. Rc1 Nxe3 12. fxe3 f5 13. e4 f4 14. Bh3 fxg3 15. hxg3 exd4 16. Nb1 c5 17. Kg2 Ne5 18. Nxe5 Bxh3+ 19. Kxh3 Bxe5 20. Rxf8+ Qxf8 21. Qf1 Kg7 22. Qf3 Qe7 23. Rf1 Rf8 24. Qxf8+ Qxf8 25. Rxf8 Kxf8 26. Na3 a6 27. Nc2 Kf7 28. Ne1 b5 29. Nd3 Kf6 30. Nf2 Ke6 31. Ng4 h5 32. Nf2 Kd7 33. Nd3 Ke6 34. Kg2 g5 35. Kf3 Kd7 36. Ne1 Kc6 37. Nc2 Kb6 38. Na3 Ka5 39. Nc2 bxc4 40. bxc4 Ka4 41. Kg2 Bf6 42. Kf3 Be5 43. Kg2 Ka5 44. Kf3 Kb6 45. Kg2 Kc7 46. Kf3 Kd7 47. Ne1 Ke6 48. Nd3 Kf6 49. Nf2 Ke6 50. Nd3 h4 51. g4 h3 52. Kf2 h2 53. Kg2 Kf6 54. Ne1 Bf4 55. Nf3 Ke6 56. Kh1 Kf6 57. Kg2 a5 58. a4 Ke6 59. Kh1 Be5 60. Kg2 Bf4 61. Kh1 Kd7 62. Kg2 Kc6 63. Kh1 Kd7 64. Kg2 Ke6 1/2-1/2

[Event "Online Olym Div4 D"]
[Site "Chess.com INT"]
[Date "2020.08.01"]
[Round "5.4"]
[White "Sanches, Casanova Romario"]
[Black "Alqwasma, Mohamed"]
[Result "1-0"]
[WhiteElo "2066"]
[BlackElo "1725"]
[PlyCount "135"]
[EventDate "2020.07.31"]
[EventType "team-tourn (rapid)"]
[EventRounds "9"]
[EventCountry "USA"]
[SourceTitle "CBM 198"]
[Source "ChessBase"]
[SourceDate "2020.10.31"]
[SourceVersion "1"]
[SourceVersionDate "2020.10.31"]
[SourceQuality "1"]
[WhiteTeam "Surinam"]
[BlackTeam "Palestine"]
[WhiteTeamCountry "SUR"]
[BlackTeamCountry "PLE"]

1. e4 g6 2. d4 d6 3. Nc3 Bg7 4. Be3 c6 5. Qd2 Nf6 6. f3 b5 7. Bh6 0-0 8. h4 e5 9. Bxg7 Kxg7 10. 0-0-0 Qa5 11. Kb1 b4 12. Nce2 Qb6 13. g4 h5 14. gxh5 Nxh5 15. Nh3 a5 16. Nf2 Nd7 17. Ng4 Rh8 18. dxe5 dxe5 19. Qd6 Re8 20. Nc1 Qc5 21. Qd2 Nf4 22. Ne2 Rh8 23. Nxf4 exf4 24. Qxf4 Rh5 25. Be2 a4 26. Qd6 Qxd6 27. Rxd6 c5 28. b3 axb3 29. cxb3 g5 30. Ne3 Rxh4 31. Rxh4 gxh4 32. Nf5+ Kf8 33. Nxh4 Ne5 34. Rh6 Ke7 35. Rh5 Nd7 36. Nf5+ Kd8 37. Nd6 Ke7 38. Nxc8+ Rxc8 39. f4 Nf6 40. Re5+ Kd6 41. Bc4 Nd7 42. Rd5+ Kc6 43. Rf5 f6 44. Be6 Rf8 45. Bxd7+ Kxd7 46. e5 Ke6 47. Rxf6+ Rxf6 48. exf6 Kxf6 49. Kc2 Kf5 50. Kd3 Kxf4 51. Kc4 Ke4 52. Kxc5 Ke5 53. Kxb4 Kd6 54. Kb5 Kc7 55. a4 Kb7 56. a5 Ka7 57. a6 Ka8 58. Kb6 Kb8 59. b4 Ka8 60. b5 Kb8 61. Kc6 Ka7 62. b6+ Ka8 63. b7+ Kb8 64. a7+ Kxa7 65. Kc7 Ka6 66. b8Q Ka5 67. Kc6 Ka4 68. Kc5 1-0